000 03920nab a2200325 i 4500
003 BR-BrBNA
005 20250901100949.0
008 250901b2020 bl.qr|pooa||| 00| 0 eng |
040 _aBR-BrBNA
_beng
072 _aF08
_b1690
100 _aGuimarães, Marcelo de Almeida
100 _aLima Neto, Benedito Pereira
100 _aLemos Neto, Hozano de Souza
100 _aHendges, Ana Régia Alves de Araújo
100 _aViana, Caris dos Santos
100 _aRabelo, Janiquelle da Silva
245 _aAgronomic performance of arugula/nira intercropping in different cultivation arrangements
500 _a Publicação online; 25 ref.; 4 tables; Summaries (En, Pt)
520 _a ABSTRACT: Spatial planning of cultivation arrangements is essential to ensure the superiority of intercropping when compared with monocrop. Thus, the aim of this study was to evaluate the agronomic performance of arugula/nira intercropping in different cultivation arrangements. The experiment was carried out in a randomized block design, in a split plot scheme, the plots represented the cultivation arrangements and the subplots the production cycles (winter and spring). The arrangements were T1 = arugula monoculture; T2 = two rows of arugula alternating with three rows of nira (2R:3N); T3 = two rows of arugula alternating with two rows of nira (2R:2N); T4 = two rows of arugula alternating with one row of nira (2R:1N); T5 = nira monoculture. Productive traits and agronomic performance indexes of the intercropping systems were evaluated. Single arugula cultivation and 2R:1N intercropping achieved similar productivity, 2R:1N intercropping showed the highest productive efficiency, with land-use efficiency of 1.16%, though arugula showed a relative contribution of 84.3% in production yield of the system. We concluded that 2R:1N intercropping can be used to optimize the use of productive inputs in arugula cultivation. Keywords: Eruca sativa, Allium tuberosum, efficient use of land, productivity
520 _a RESUMO: O planejamento espacial dos arranjos de cultivo é fundamental para garantir a superioridade do consórcio em relação ao monocultivo. Assim, objetivou-se avaliar o desempenho agronômico do consórcio rúcula e nirá em diferentes arranjos de cultivo. O experimento foi conduzido no delineamento em blocos casualizados, em esquema de parcela subdividida, com as parcelas sendo os arranjos de cultivo e as subparcelas os ciclos de produção (inverno e primavera). Os arranjos foram T1 = monocultivo de rúcula; T2 = duas linhas de rúcula alternadas com três de nirá (2R:3N); T3 = duas linhas de rúcula alternadas com duas de nirá (2R:2N); T4 = duas linhas de rúcula alternadas com uma de nirá (2R:1N); T5 = monocultivo de nirá. Foram avaliadas as características produtivas e os índices de desempenho agronômico dos consórcios. A rúcula solteira e o cultivo consorciado 2R:1N alcançaram produtividade semelhante, porém o cultivo consorciado 2R:1N foi o que apresentou maior eficiência produtiva, com uso eficiente da terra (UET) de 1,16%, tendo a rúcula uma contribuição relativa de 84,3% no rendimento produtivo do sistema. O cultivo consorciado 2R:1N pode ser utilizado para a maior otimização no uso dos insumos produtivos em cultivo de rúcula. Palavras-chave: Eruca sativa, Allium tuberosum, uso eficiente da terra, produtividade.
650 _aRÚCULA
650 _aHORTALIÇA FOLHOSA
650 _aSISTEMA DE CULTIVO
650 _aCONSORCIAÇÃO DE CULTURA
650 _aPRODUTIVIDADE
773 0 _01047
_9357515
_dBrasília-DF Sociedade de Olericultura do Brasil 1983
_o2025-5480
_tHorticultura Brasileira (Brazil)
_x0102-0536
_gv. 38(3) p. 329-333; (2020)
_wBR2025002828
856 _uhttps://www.scielo.br/j/hb/a/hkyGvnJ8fxhtS4vSmCHfsPw/?format=pdf&lang=en
942 _cANA
999 _c337925
_d337925